LEADER 01177nam0-2200325---450- 001 990008794810403321 005 20090608111155.0 035 $a000879481 035 $aFED01000879481 035 $a(Aleph)000879481FED01 035 $a000879481 100 $a20090121d2007----km-y0itay50------ba 101 0 $aita 102 $aIT 105 $aa-------001yy 200 1 $aCatalogo dei libri, periodici et varia riguardanti la Libia e l'Africa ex italiana conservati nella Biblioteca privata di Edoardo Simoni in Ravenna$fEdoardo Simoni 205 $a2. ed. notevolmente aumentata 210 $aRavenna$cRussi$d2007 215 $a80 p.$cill.$d21 cm 300 $aStampato in proprio in 100 copie numerate e firmate dall'Autore 610 0 $aSimoni, Edoardo$aBiblioteca 676 $a016.9$v20$zita 700 1$aSimoni,$bEdoardo$0315262 801 0$aIT$bUNINA$gRICA$2UNIMARC 901 $aBK 912 $a990008794810403321 952 $aXXX Cod. 996$b42878$fFSPBC 959 $aFSPBC 996 $aCatalogo dei libri, periodici et varia riguardanti la Libia e l'Africa ex italiana conservati nella Biblioteca privata di Edoardo Simoni in Ravenna$9808398 997 $aUNINA LEADER 01547nam 2200505 450 001 9910671388503321 005 20170925030209.0 010 $a976-637-735-9 035 $a(CKB)2550000001154263 035 $a(SSID)ssj0001046419 035 $a(PQKBManifestationID)12451311 035 $a(PQKBTitleCode)TC0001046419 035 $a(PQKBWorkID)11121726 035 $a(PQKB)11189916 035 $a(MiAaPQ)EBC5986653 035 $a(PPN)179864459 035 $a(EXLCZ)992550000001154263 100 $a20191220d2007 uy 0 101 0 $aeng 135 $aurcnu|||||||| 181 $ctxt 182 $cc 183 $acr 200 10$aUnderstanding international trade $ea CARICOM perspective /$fEdwin Laurent 210 1$aKingston, Jamaica ;$aMiami :$cIan Randle Publishers,$d[2007] 210 4$dİ2007 215 $a1 online resource (x, 108 pages) $cillustrations 300 $a"The Integrationist." 300 $aPublished for the UWI - CARICOM project. 311 $a976-637-317-5 320 $aIncludes bibliographical references. 606 $aInternational trade 607 $aCaribbean, English-speaking$xCommerce 607 $aCaribbean, English-speaking$xEconomic integration 615 0$aInternational trade. 676 $a338.9729 700 $aLaurent$b Edwin$01333579 712 02$aCaribbean Community 801 0$bMiAaPQ 801 1$bMiAaPQ 801 2$bMiAaPQ 906 $aBOOK 912 $a9910671388503321 996 $aUnderstanding international trade$93043153 997 $aUNINA LEADER 03576nam 2200805 450 001 9910808120703321 005 20230912130354.0 010 $a1-281-99590-8 010 $a9786611995904 010 $a1-4426-7810-0 024 7 $a10.3138/9781442678101 035 $a(CKB)2420000000004254 035 $a(EBL)3255166 035 $a(SSID)ssj0000305164 035 $a(PQKBManifestationID)11219398 035 $a(PQKBTitleCode)TC0000305164 035 $a(PQKBWorkID)10285096 035 $a(PQKB)10648092 035 $a(CaBNvSL)thg00602035 035 $a(DE-B1597)464724 035 $a(OCoLC)1013938122 035 $a(OCoLC)944177826 035 $a(DE-B1597)9781442678101 035 $a(Au-PeEL)EBL4671797 035 $a(CaPaEBR)ebr11257490 035 $a(OCoLC)958581216 035 $a(OCoLC)1148139848 035 $a(MdBmJHUP)musev2_105056 035 $a(VaAlCD)20.500.12592/j4gs7n 035 $a(schport)gibson_crkn/2009-12-01/6/418084 035 $a(MiAaPQ)EBC4671797 035 $a(EXLCZ)992420000000004254 100 $a20160923h20002000 uy 0 101 0 $aeng 135 $aur|n|---||||| 181 $ctxt 182 $cc 183 $acr 200 00$aOpportunity and uncertainty $elife course experiences of the class of '73 /$fPaul Anisef [and three others] ; in collaboration with Fred Ashbury, Gottfried Paasche, and Zeng Lin 210 1$aToronto, [Ontario] ;$aBuffalo, [New York] ;$aLondon, [England] :$cUniversity of Toronto Press,$d2000. 210 4$dİ2000 215 $a1 online resource (340 p.) 300 $aDescription based upon print version of record. 311 $a0-8020-8364-1 320 $aIncludes bibliographical references and index. 327 $tForeword /$rWalter R. Heinz --$tNavigating the Life Course: School-to-Work Transitions in the 1990s --$tSetting the Stage: The Past and the Future --$tEducational Pathways --$tThe World of Employment --$tSocial, Career, and Geographic Mobility --$tThe Experiences of First-Generation Canadians --$tFamily Life --$tConstructing the Life Course: Five Biographies --$tSample Attrition Over the Six Phases of the Class of '73 Study --$tClass of '73 Project. 330 1 $a"Based on the longest-running survey of its kind in Canada, this book examines events in the lives of a generation of Ontario residents who graduated from grade twelve in 1973. The study recreates the world of the early 1970s in which these high school students faced the future. It recounts their educational and occupational experiences in the late 1970s, follows their vocational and career pathways during the subsequent decade, and searches for patterns in their personal and family lives through the late 1980s and early 1990s."--Jacket 606 $aHigh school graduates$zOntario$vLongitudinal studies 606 $aHigh school graduates$xEmployment$zOntario$vLongitudinal studies 606 $aEducational surveys$zOntario 607 $aOntario$2gnd 607 $aOntario$2fast 608 $aLongitudinal studies. 608 $aElectronic books. 615 0$aHigh school graduates 615 0$aHigh school graduates$xEmployment 615 0$aEducational surveys 676 $a373.1291209713 700 $aAnisef$b Paul, $0962929 702 $aAnise$b Paul 702 $aAshbury$b Fred 702 $aPaasche$b Gottfried 702 $aLin$b Zeng 801 0$bMiAaPQ 801 1$bMiAaPQ 801 2$bMiAaPQ 906 $aBOOK 912 $a9910808120703321 996 $aOpportunity and uncertainty$94063283 997 $aUNINA